Southville International School and Colleges
Your cart is empty.
  • Cart
  • Lists
    Public lists Eva Luna New books Lux_list list_1
    Your lists Log in to create your own lists
  • Log in to your account
  • Your cookies
  • Search history
Southville International School and Colleges
  • Advanced search
  • Recent comments
  • Most popular
  • Libraries

Log in to your account

Log in with GOOGLE


If you do not have an external account, but do have a local account, you can still log in:

  1. Home
  2. MARC view: Smart steps for everyday workplace success /
Normal view MARC view ISBD view

Smart steps for everyday workplace success / (Record no. 289025)

[ view plain ]
MARC details
000 -LEADER
fixed length control field 00791nam a2200217 a 4500
003 - CONTROL NUMBER IDENTIFIER
control field PILC
005 - DATE AND TIME OF LATEST TRANSACTION
control field 20160104110903.0
008 - FIXED-LENGTH DATA ELEMENTS--GENERAL INFORMATION
fixed length control field 090923s ph 000 0 eng d
020 ## - INTERNATIONAL STANDARD BOOK NUMBER
International Standard Book Number 9789710021505
050 00 - LIBRARY OF CONGRESS CALL NUMBER
Classification number HD 4905
Item number .Sa26 2008
100 1# - MAIN ENTRY--PERSONAL NAME
Personal name Salumbides, Maloi Malibiran.
245 10 - TITLE STATEMENT
Title Smart steps for everyday workplace success /
Statement of responsibility, etc Maloi Malibiran-Salumbides ; [foreword by Francis J. Kong].
246 30 - VARYING FORM OF TITLE
Title proper/short title Pro tips : smart steps for everyday workplace success.
260 ## - PUBLICATION, DISTRIBUTION, ETC. (IMPRINT)
Place of publication, distribution, etc Makati City :
Name of publisher, distributor, etc Church Strengthening Ministry,
Date of publication, distribution, etc 2008.
300 ## - PHYSICAL DESCRIPTION
Extent xvii, 213 pages :
Other physical details illustrations ;
Dimensions 16 cm.
440 #0 - SERIES STATEMENT/ADDED ENTRY--TITLE
Title Pro tips.
650 #0 - SUBJECT ADDED ENTRY--TOPICAL TERM
Topical term or geographic name as entry element Work
General subdivision Moral and ethical aspects.
650 #0 - SUBJECT ADDED ENTRY--TOPICAL TERM
Topical term or geographic name as entry element Employees
General subdivision Conduct of life.
650 #0 - SUBJECT ADDED ENTRY--TOPICAL TERM
Topical term or geographic name as entry element Work
General subdivision Religious aspects
-- Christianity.
942 ## - ADDED ENTRY ELEMENTS (KOHA)
Source of classification or shelving scheme Library of Congress Classification
Koha item type Books
Call number prefix Foreign
Holdings
Withdrawn status Lost status Source of classification or shelving scheme Damaged status Home library Current library Shelving location Date acquired Source of acquisition Sub Shelving location Total Checkouts Full call number Barcode Date last seen Price effective from Koha item type
    Library of Congress Classification   College Library College Library Filipiniana Section 01/04/2016 Donation     HD 4905 .Sa26 2008 C20328 05/08/2018 01/04/2016 Books

Smart steps for everyday workplace success /

APA

Salumbides M. M., . (2008). Smart steps for everyday workplace success. Makati City: Church Strengthening Ministry.

Chicago

Salumbides Maloi Malibiran, . 2008. Smart steps for everyday workplace success. Makati City: Church Strengthening Ministry.

Harvard

Salumbides M. M., . (2008). Smart steps for everyday workplace success. Makati City: Church Strengthening Ministry.

MLA

Salumbides Maloi Malibiran, . Smart steps for everyday workplace success. Makati City: Church Strengthening Ministry. 2008.

  • Place hold
  • Print
  • Cite
  • Add to your cart (remove)
  • Save record
    BIBTEX Dublin Core MARCXML MARC (non-Unicode/MARC-8) MARC (Unicode/UTF-8) MARC (Unicode/UTF-8, Standard) MODS (XML) RIS
  • More searches
    Search for this title in:
    Other Libraries (WorldCat) Other Databases (Google Scholar) Online Stores (Bookfinder.com) Open Library (openlibrary.org)

Exporting to Dublin Core...

SOUTHVILLE LIBRARY

Southville International School and Colleges Library

1281 Tropical Ave. Cor. Luxembourg St., BF Homes International, Las Pinas City

Tel. No. 8256374 / 252358 Loc. 117/146

Powered by Koha